แสดงรายละเอียดบรรณานุกรม
  กลับหน้าหลัก

Brief Record : Get Marc (ISO 2709) : E-mail record : QR code ปิดหน้าต่าง
E-books : เกี่ยวกับ Collections
LEADER 00000nam 2200000uu 4500
001    211924
003     ULIBM
008    020711s2560 th a 000 0 tha d
041    ^atha^beng
060  4 วจ WJ20 ณ322ผ 2560
100    ณัฐชนิกรณ์ ห่านคำ...[และคนอื่นๆ]
245    รายงานวิจัยเรื่อง ผลของการใช้สื่อนวัตกรรมฮักไตต่อความรู้ ความเชื่อ การปฏิบัติตนของผู้ป่วยโรคไตเรื้อรัง=^bEffect of using haktai tool innovative on knowledge, believe and health behaviors in chronic kidney disease/^cณัฐชนิกรณ์ ห่านคำ...[และคนอื่นๆ]
246 31 ^aEffect of using haktai tool innovative on knowledge, believe and health behaviors in chronic kidney disease
260    ขอนแก่น :^bวิทยาลัยพยาบาลบรมราชชนนี ขอนแก่น,^c2560
300    80 หน้า :^bภาพประกอบ ;^c30 ซม.
650  4 โรคไต^xการใช้สื่อนวัตกรรม
650  4 ^aไตวายเรื้อรัง^xผู้ป่วย^xการดูแลตนเอง
650  4 ^aวิจัย
700 0  ^aณัฐชนิกรณ์ ห่านคำ
710 2  ^aขอนแก่น. วิทยาลัยพยาบาลบรมราชชนนี
999    ^aใช้งานได้ทุกระบบ
รายการนี้ยังไม่มีแท็ก
คุณยังไม่ได้ล็อกอิน คุณสามารถมีกิจกรรมร่วมกับเว็บไซต์ได้ แต่ต้องล็อกอินก่อน ::
  ล็อกอิน
ลำดับที่ ประเภท เลขเรียก สถานที่ สถานะ
1. งานวิจัย
งานวิจัย
วจ WJ20 ณ322ผ 2560  
  
ชั้นหนังสือวิจัย On Shelf
  ขอยืม
   [แสดง 1/1 รายการ]

รายการใกล้เคียง
    หัวเรื่อง [วิจัย]

BibComment


ยังไม่เคยถูกคอมเมนท์

คอมเมนท์ทรัพยากรรายการนี้
  คอมเมนท์: รายงานวิจัยเรื่อง..
Bib 211924

 
 
 

 Union Library Management : ULibM
Copyright 2026. All Rights Reserved.
скачать бесплатно без регистрации порно красивый секс HD Sex Hindi sex

xxx gou

xxxx

bfxxx

xxxwww

Секса Видео

xxxx

Секса Видео

detube

geilexxx

C99 Shell

worms shell

blod xxx video
Ebony Coed Rihanna Rimes Takes A Dick In Her Young Twat priyaa indian fuck anal and pusssy hardcore indian women xxx desi hardcore fucking part 1 bengalixxxcouple